Sports Quiz

Random Sports or College Quiz

2011 nfl runningbacks colleges Quiz Stats

 Plays Quiz not verified by Sporcle

Challenge
Share
Tweet
Embed
Score 0/32 Timer 06:00
0 Plays Today
Player College % Correct
Reggie BushUSC
98.4%
Mark IngramAlabama
97%
Adrian PetersonOklahoma
94.4%
Darren McFaddenArkansas
93.9%
LeGarrette BlountOregon
93.1%
Chris 'Beanie' WellsOhio State
91.4%
Ladanian TomlinsonTexas Christian
90.8%
Knowshon MorenoGeorgia
90%
Ray RiceRutgers
89.4%
Cedric BensonTexas
88.7%
C.J. SpillerClemson
88.5%
Felix JonesArkansas
87.4%
Jahvid BestCalifornia
86.4%
Rashard MendenhallIllinois
82.9%
Marshawn LynchCalifornia
82.7%
Jamaal CharlesTexas
82.6%
Player College % Correct
Frank GoreMiami
82.1%
Maurice Jones-DrewUCLA
76.5%
LeSean MccoyPittsburgh
74.7%
Peyton HillisArkansas
73.2%
Joseph AddaiLSU
70.1%
Chris JohnsonEast Carolina
69%
Ryan MathewsFresno State
65.6%
DeAngelo WilliamsMemphis
64.6%
Steven JacksonOregon State
64.5%
Arian FosterTennessee
63.4%
Matt ForteTulane
55.1%
Ryan GrantNotre Dame
47.2%
Michael TurnerNorthern Illinois
38.9%
Benjarvus Green EllisMississippi
34.7%
Ahmad BradshawMarshall
25%
Tim HightowerRichmond
21.8%

You're not logged in!

Compare scores with friends on all Sporcle quizzes.
Join for Free
OR
Log In

You Might Also Like...

Show Comments

Extras

Top Quizzes Today


Score Distribution

Your Account Isn't Verified!

In order to create a playlist on Sporcle, you need to verify the email address you used during registration. Go to your Sporcle Settings to finish the process.

Report this User

Report this user for behavior that violates our Community Guidelines.

Details: